LEADER 02539nam 2200589 a 450 001 9910967769503321 005 20240509123403.0 010 $a9783836622981 010 $a383662298X 035 $a(CKB)2670000000053222 035 $a(EBL)594979 035 $a(OCoLC)679421034 035 $a(SSID)ssj0000654966 035 $a(PQKBManifestationID)12256581 035 $a(PQKBTitleCode)TC0000654966 035 $a(PQKBWorkID)10596309 035 $a(PQKB)11485175 035 $a(MiAaPQ)EBC594979 035 $a(Au-PeEL)EBL594979 035 $a(CaPaEBR)ebr10487505 035 $a(Perlego)1740978 035 $a(EXLCZ)992670000000053222 100 $a20110824d2009 uy 0 101 0 $aeng 135 $aur|n|---||||| 181 $ctxt 182 $cc 183 $acr 200 10$aCollapse analysis of externally prestressed structures /$fJens Tandler 205 $a1st ed. 210 $aHamburg $cDiplomica Verlag$d2009 215 $a1 online resource (148 p.) 300 $aTitle from cover. 311 08$a9783836672986 311 08$a3836672987 320 $aIncludes bibliographical references. 327 $aCollapse analysis of externally prestressed structures; Abstract; Contents at a Glance; Contents; Acknowledgements; Notation; 1 Introduction; 2 Behaviour of externally prestressed structures; 3 Collapse analysis; 4 Results; 5 Discussion of the results; 6 Conclusion and Recommendations; References; Codes of practice; Appendix 330 $aThe use of external prestressing is becoming more popular throughout Europe due to their expected higher durability and the possibility of active maintenance of the prestressing cables. Questions have been raised about the behaviour of these structures beyond service loads.A comprehensive numerical analysis has been carried out comparing the behaviour of three different types of externally prestressed bridges to a conventionally internally prestressed bridge. The external types are a monolithically built bridge with external tendons, a monolithically built bridge with external tendons and 606 $aPrestressed construction 606 $aBuilding failures 615 0$aPrestressed construction. 615 0$aBuilding failures. 676 $a624.28 676 $a624/.28 700 $aTandler$b Jens$01803968 801 0$bMiAaPQ 801 1$bMiAaPQ 801 2$bMiAaPQ 906 $aBOOK 912 $a9910967769503321 996 $aCollapse analysis of externally prestressed structures$94351790 997 $aUNINA LEADER 03095nam0 22005053i 450 001 RMG0017980 005 20251003044336.0 100 $a19951107d1993 ||||0itac50 ba 101 | $aita 102 $ait 181 1$6z01$ai $bxxxe 182 1$6z01$an 200 1 $aTerzo rapporto sulla povertà in Italia$fPresidenza del Consiglio dei ministri, Commissione d'indagine sulla povertà e sull'emarginazione 210 $a[Roma]$cIstituto poligrafico e Zecca dello Stato$d[1993] 215 $a288 p.$d21 cm. 606 $aPauperismo$xItalia$x1992-1993$2FIR$3NAPC069898$9I 606 $aPOVERTA$xITALIA$xSEC. 20.$xINDAGINI$2FIR$3MILC075790$9I 606 $aPauperismo$xItalia$x1990-1993$xInchieste$2FIR$3BVEC069006$9I 676 $a339.4$9Macroeconomia e soggetti connessi. Fattori influenzanti il reddito e la ricchezza$v14 676 $a339.460945$9EFFETTI E CAUSE ECONOMICHE DELLA POVERTA. Italia$v19 676 $a339.460945$9CAUSE ED EFFETTI ECONOMICI DELLA POVERTA IN ITALIA$v20 676 $a339.460945$9CAUSE ED EFFETTI ECONOMICI DELLA POVERTA. ITALIA$v21 676 $a339.460945$9POVERTA. Italia$v23 676 $a362.50945$9PROBLEMI SOCIALI E SERVIZI PER I POVERI IN ITALIA$v20 676 $a362.50945$9PROBLEMI DEI POVERI E SERVIZI RELATIVI. Italia$v23 710 02$aCommissione d'indagine sulla povertà$3CFIV033198$4070$0452451 791 02$aItalia$b : Presidenza del Consiglio dei ministri$b : Commissione d'indagine sulla povertà$3CFIV074165$zCommissione d'indagine sulla povertà 791 02$aItalia$b : Commissione d'indagine sulla povertà$3CFIV074167$zCommissione d'indagine sulla povertà 791 02$aCommissione d'indagine sulla povertà e l'emarginazione$3CFIV117968$zCommissione d'indagine sulla povertà 791 02$aCommissione d'indagine sulla povertà e sull'emarginazione$3CFIV156003$zCommissione d'indagine sulla povertà 791 02$aCommissione di indagine sulla povertà e sull'emarginazione$3CFIV173869$zCommissione d'indagine sulla povertà 791 02$aInquiry Commission on poverty$3ISTV000991$zCommissione d'indagine sulla povertà 801 3$aIT$bIT-000000$c19951107 850 $aIT-BN0095 $aIT-SA0037 $aIT-SA0049 $aIT-AV0007 $aIT-NA0070 $aIT-SA0370 901 $bNAP BU$cC $nSala C e Sala C collezioni. 901 $bNAP 42$cS. MODERNA$n$ 901 $bNAP OP$cSALA 1 $n$ 901 $bNAP 47$cBIBLIOTECA$n$ 901 $bNAP AV$cSEZ. M $nSezione Moderna 901 $bNAP 01$cPOZZO LIB.$nVi sono collocati fondi di economia, periodici di ingegneria e scienze, periodici di economia e statistica e altri fondi comprendenti documenti di economia pervenuti in dono. 912 $aRMG0017980 950 0$aBiblioteca Centralizzata di Ateneo$b1 v.$c1 v.$d 01POZZO LIB.ECON MON 9737$e 0101 0000111325E VMA 1 v. (precedente collocazione: GUERRAZZI A 426)$fB $h20091216$i20091216 977 $a 01$a 42$a 47$a AV$a BU$a OP 996 $aTerzo rapporto sulla povertà in Italia$9154379 997 $aUNISANNIO